000 01316nabaa22002177a 4500
999 _c6316
_d6316
003 OSt
005 20260130193955.0
008 190701b xxu||||| |||| 00| 0 spa d
040 _cPJ
100 _95690
_aColombo, Juan Martín
245 1 3 _aLa ambientalización del urbanismo y el desarrollo urbano en los pronunciamientos judiciales. Breve panorama local y actual - Por Juan Martín Colombo
_cbreve panorama local y actual /
_bJuan Martín Colombo.
300 _ap. 3-11
500 _aCita: TR LALEY AR/DOC/2593/2025
505 _aSumario: I. La ambientalización del desarrollo urbano.— II. Marco normativo de la ambientalización del desarrollo urbano. El rol del derecho y la jurisprudencia.— III. La evolución jurisprudencial: reconocimiento e incorporación de exigencias ambientales para el desarrollo urbano.— IV. Los precedentes judiciales locales y la ambientalización progresiva del desarrollo urbano local.— V. Corolario.
505 _t¿Te interesa el texto completo? Comunicate al correo: koha@justierradelfuego.gov.ar
650 0 _9211
_aDERECHO ADMINISTRATIVO
650 0 _92848
_aDERECHO AMBIENTAL
650 0 _aURBANISMO
773 0 _02842
_93251
_dBuenos Aires : AbeledoPerrot, 2012-
_oDA121
_tDerecho administrativo. Nº 162 noviembre/diciembre 2025
_z18510590
942 _2udc
_cANA